Riconoscimento e tutela dello Ius connubi, nel sistema matrimoniale canonico
Spremljeno u:
| Glavni autor: | |
|---|---|
| Format: | Knjiga |
| Jezik: | talijanski |
| Izdano: |
Milán
Dott. A. Giuffrè
2004
|
| Serija: | Monografie Giuridiche, 25
|
| Teme: | |
| Oznake: |
Dodaj oznaku
Bez oznaka, Budi prvi tko označuje ovaj zapis!
|
MARC
| LEADER | 00000nam a2200000 a 4500 | ||
|---|---|---|---|
| 001 | UCL6628 | ||
| 003 | CL-VaPUC | ||
| 008 | 040416e20040000IT |||||||||||||||||ita|d | ||
| 020 | |a 8814103615 | ||
| 082 | 0 | 4 | |a 262.933 |b FRA |2 21 |
| 100 | 0 | |a Franceschi F., Héctor |e author |9 484240 | |
| 245 | 1 | 0 | |a Riconoscimento e tutela dello Ius connubi, nel sistema matrimoniale canonico |
| 300 | |a 427 p | ||
| 942 | |c BK | ||
| 945 | |d 20040416 00:00:00 |a cmena | ||
| 260 | |a Milán |b Dott. A. Giuffrè |c 2004 | ||
| 650 | 7 | |a DERECHO CANONICO |2 CL-VaPUC |9 484241 | |
| 650 | 7 | |a MATRIMONIO |2 CL-VaPUC |9 484242 | |
| 650 | 0 | |a Derecho de familia |9 255603 | |
| 583 | |a last modification |c 20040416 00:00:00 |k Rodrigo Vera | ||
| 490 | 0 | |a Monografie Giuridiche, 25 | |
| 999 | |c 308622 |d 308620 | ||
| 952 | |0 0 |1 0 |4 0 |6 262_933000000000000_FRA_2004 |7 0 |8 A |9 375283 |a BIBDER |b BIBDER |d 2019-11-21 |i 3991989 |l 1 |o 262.933 FRA 2004 |p 3991989 |r 2023-08-18 |s 2023-08-14 |w 2019-11-21 |y BK |k DER | ||